| 000 | 03357nam a22005058i 4500 | ||
|---|---|---|---|
| 001 | BDZ0057076062 | ||
| 003 | StDuBDS | ||
| 005 | 20250625101435.0 | ||
| 006 | m|||||o||d|||||||| | ||
| 007 | cr ||||||||||| | ||
| 008 | 250306s2025 enka fob 001|0 eng|d | ||
| 020 |
_a9781040403518 (ePub ebook) : _c55.00 |
||
| 040 |
_aStDuBDS _beng _erda _epn _cStDuBDS _dStDuBDSZ |
||
| 050 | 4 |
_aKD1641 _b.L8 2025 |
|
| 072 | 7 |
_aHOU _2ukslc |
|
| 072 | 7 |
_aTD _2bicssc |
|
| 072 | 7 |
_aAMD _2bicssc |
|
| 072 | 7 |
_aTN _2bicssc |
|
| 072 | 7 |
_aTD _2thema |
|
| 072 | 7 |
_aAMD _2thema |
|
| 072 | 7 |
_aTN _2thema |
|
| 082 | 0 | 4 |
_a692.80941 _223 |
| 100 | 1 |
_aLupton, Sarah, _eauthor. |
|
| 245 | 1 | 0 |
_aGuide to JCT Minor Works Building Contract 2024 _cSarah Lupton, Manos Stellakis. _h[electronic resource] |
| 263 | _a202504 | ||
| 264 | 1 |
_aLondon : _bRIBA Publishing, _c2025. |
|
| 300 |
_a1 online resource (176 pages) : _billustrations (black and white) |
||
| 336 |
_atext _2rdacontent |
||
| 336 |
_astill image _2rdacontent |
||
| 337 |
_acomputer _2rdamedia |
||
| 338 |
_aonline resource _2rdacarrier |
||
| 366 |
_b20250401 _cIn stock |
||
| 504 | _aIncludes bibliographical references and index. | ||
| 505 | 0 | _aForeword About the Authors About this Guide 1. About MW24 2. Documents 3. Obligations of the contractor 4. Commencement and completion 5. Control of the works 6. Sums properly due 7. Certification 8. Indemnity and insurance 9. Termination 10. Dispute resolution References Clause index for MW24 Clause index for MWD24 Subject index | |
| 520 | 8 | _aThe latest edition of the JCT guide series provides an indispensable resource for architects navigating the JCT Minor Works Contract suite 2024. It offers a clear, practical breakdown of every provision, procedure and supplementary condition, comparing obligations under both the Minor Works and Minor Works with Contractor's Design contracts.This guide equips you to handle on-site contractual challenges with confidence, supported by the latest case law and legislative updates.Key features of the 2024 edition: Detailed analysis of the JCT Minor Works Building Contract 2024, explaining every update. Coverage of recent legislative changes, including the Building Safety Act, Building Regulations Part 2A and Procurement Act 2023. Case law updates on key topics, such as design liability, concurrent delay, practical completion, liquidated damages and more. Comparative insights on NEC4 and RIBA Building Contracts, offering broader context for contract administration. New figures and tables, designed to enhance clarity and usability. Whether you're an experienced architect or a student preparing for exams, this guide is designed to save you time and ensure you stay informed and compliant. With its easy-to-follow structure and expert analysis, it's an essential tool for successfully managing JCT contracts. | |
| 588 | _aDescription based on CIP data; resource not viewed. | ||
| 650 | 0 | _aCONSTRUCTION CONTRACTS | |
| 650 | 0 | _aEBOOK | |
| 650 | 7 | _aENGINEERING | |
| 700 | 1 |
_aStellakis, Manos, _eauthor. |
|
| 710 | 2 |
_aJoint Contracts Tribunal, _eassociated with work. |
|
| 776 | 0 | 8 |
_iPrint version : _z9781915722775 |
| 856 | 4 | 0 |
_uhttps://www.vlebooks.com/product/openreader?id=RICS&accId=9491556&isbn=9781040403518 _zAvailable on VLeBooks (email [email protected] if you do not have a login) |
| 942 | _2ddc | ||
| 999 |
_c122179 _d122179 |
||